[Event "GEO chT Clubs 2017"]
[Site "Tbilisi"]
[Date "2017.11.29"]
[Round "2"]
[White "Batsiashvili, Nino"]
[Black "Charkhalashvili, Inga"]
[Result "1/2-1/2"]
[WhiteElo "2497"]
[BlackElo "2355"]
[Annotator "TA"]
[PlyCount "226"]
[EventDate "2017.??.??"]
[EventCountry "GEO"]
[SourceTitle "playchess.com"]
[Source "ChessBase"]
[SourceQuality "1"]

{[%evp 21,226,40,31,6,16,14,22,19,37,24,16,18,14,0,0,0,0,0,0,0,0,0,0,0,0,0,0,0,0,0,0,-7,0,-13,0,0,0,-18,-25,-24,-14,-18,-10,-36,-14,-59,-15,-12,-6,-88,-91,-89,-87,-71,-82,-103,-2,-8,0,-51,-15,-60,-51,-59,-68,-130,-49,-97,-97,-101,-93,-108,-102,-107,-131,-168,-100,-163,-100,-97,-91,-91,-79,-88,-86,-103,-95,-129,-85,-80,-58,-75,-49,-67,0,0,0,0,0,0,0,0,0,0,0,0,0,0,0,0,0,0,0,0,0,0,0,0,0,0,0,0,0,0,0,0,0,0,0,0,0,0,0,0,0,0,0,0,0,0,0,0,0,-9,0,0,0,0,0,0,0,0,0,0,0,0,0,0,0,0,0,0,0,0,0,0,0,0,0,0,0,0,0,0,0,0,0,0,0,0,0,0,0,0,0,0,0,0,0,0,0,0,0,0,0,0,0,0,0,0,0,0,0,0,0,0,0]} 1. d4 Nf6 2. c4 e6 3. Nc3 d5 4. Bg5 Bb4 5. e3 h6 6. Bh4 c5 7. cxd5 exd5 8. Bd3 {E30: Nimzo-Indian: Leningrad Variation} Nc6 9. Nge2 cxd4 (9... c4 10. Bc2 g5 11. Bg3 Qe7 12. O-O O-O 13. a3 Bd6 14. Bxd6 Qxd6 15. f3 Re8 {1-0 (33) Sasikiran,K (2639)-Tari,A (2521) Berlin 2015}) 10. exd4 O-O 11. O-O Be7 {LiveBook: 3 Games} 12. Rc1 Nh5 $146 ({Predecessor:} 12... Re8 13. Re1 Be6 14. Nf4 {½-½ (38) Trulsen,A-Carlsen,C (2179) ICCF email 2001}) 13. Bxe7 Nxe7 14. Re1 Nc6 15. Bb1 Qg5 16. Qb3 Rd8 17. Rcd1 Nf6 18. Qc2 Bg4 19. Qd2 Qxd2 20. Rxd2 Bxe2 21. Rexe2 Re8 (21... g6 {is interesting.} 22. Rd1 Kg7 23. f3 Rac8 24. Kf2 Na5) 22. Kf1 Rxe2 23. Kxe2 Re8+ 24. Kd1 Kf8 25. a3 Rd8 26. Ba2 a6 27. Kc2 b5 28. Kd3 Ke7 29. Rc2 Kd6 30. Nd1 Ne7 31. Ne3 Nd7 32. g4 {next Bxd5! is good for White.} g6 33. h4 f5 34. gxf5 gxf5 35. Ng2 (35. f4 $11 {keeps the balance.}) 35... Rg8 $1 $17 {[%cal Rg8g2]} 36. f3 Rg3 37. Ke3 Rh3 38. Rc1 Nf6 ({Better is} 38... Nf8 $17 {With the idea ...Nfg6.} 39. Bb1 Nfg6) 39. Bb1 $11 Nh5 40. Bd3 (40. Kf2 $11) 40... Rh2 $15 41. Rc2 Ng7 42. a4 bxa4 43. Bxa6 (43. Nf4 $15 Rxh4 44. Bxa6) 43... Nc6 (43... Ne6 $17 {And now ...f4+! would win.} 44. Bd3 h5) 44. Rd2 Ne6 45. Bb5 Ncxd4 46. Bxa4 {[#]} f4+ $1 {[%mdl 512]} 47. Kf2 {[#]} (47. Nxf4 Nf5+) 47... Nf5 $1 {[%cal Rf5h4]} 48. Kg1 Rh3 (48... Nxh4 $19 49. Rxd5+ Kxd5 50. Bb3+ Kd4 51. Kxh2 Nxf3+ 52. Kh1 Nc5) 49. Bd1 {[#]} (49. Rd3 $17) 49... Nxh4 (49... Ne3 $1 $19 {Strongly threatening ...Rg3.} 50. Kf2 Nc4) 50. Nxh4 $17 Rxh4 $19 {[%mdl 4096] Endgame KRB-KRN} 51. b4 Rh5 52. Be2 Rg5+ 53. Kh2 Rg8 54. Kh3 Ke5 55. b5 Rb8 56. Rb2 $1 Rb6 57. Kg4 Nd4 (57... Nc5 $15 58. Rc2 Nd7) 58. Bd3 $11 {[#]The position is equal.} h5+ $1 {[%mdl 512]} 59. Kxh5 Nxf3 60. Kg4 Nd4 (60... Ng1 {keeps more tension.} 61. Rb1 Rb8 62. b6 Rg8+ 63. Kh5 Nh3) 61. Rb1 f3 62. Kg3 Kd6 63. Kf2 Kc5 64. Rc1+ Kd6 65. Ke3 Nxb5 (65... Ne6 {looks sharper.} 66. Kxf3 Nd4+ 67. Ke3 Nxb5 68. Rh1 d4+) 66. Kxf3 Nd4+ 67. Ke3 Ne6 68. Rb1 Rc6 69. Rh1 Rc3 70. Rh6 Ra3 71. Kd2 Ke5 72. Rh5+ Kd4 73. Rh4+ Kc5 74. Ke3 Ng5 75. Rh5 Ne4 76. Rh7 Nf6 77. Rg7 Ne8 78. Re7 Nf6 79. Rg7 Ne4 80. Rh7 Ng5 81. Rc7+ Kd6 82. Rg7 {[#]} d4+ $1 {[%mdl 512]} 83. Kd2 (83. Kxd4 Ne6+) 83... Nf3+ 84. Ke2 Ne5 85. Bh7 Rh3 86. Ra7 Rh2+ 87. Kd1 Nc4 88. Rb7 Kc5 89. Bg6 Ne3+ 90. Ke1 Ng2+ 91. Kd1 Ne3+ 92. Ke1 Nd5 93. Rh7 Rb2 (93... Rg2 {is more complex.} 94. Be4 Rg1+ 95. Kd2 Kd6 96. Bxd5) 94. Rh5 Kd6 95. Rh4 Kc5 96. Rh5 Kd6 97. Rh4 Rb4 98. Kd2 Ne7 99. Bd3 Nd5 100. Rh6+ Kc5 101. Rh5 Kd6 102. Rh6+ Ke7 103. Rh4 Nf6 104. Rh8 Kd6 105. Rc8 Rb2+ 106. Rc2 Rb8 107. Ra2 Nd5 108. Ra6+ Ke5 109. Ra5 Rb2+ 110. Kc1 Rb3 111. Kd2 Rb4 112. Rb5 Ra4 113. Bc2 Rb4 {Precision: White = 72%, Black = 48%.} 1/2-1/2

[Event "GEO chT Clubs 2017"]
[Site "Tbilisi"]
[Date "2017.11.30"]
[Round "2"]
[White "Maghalashvili, Davit"]
[Black "Quparadze, Giga"]
[Result "1/2-1/2"]
[WhiteElo "2496"]
[BlackElo "2515"]
[Annotator "TA"]
[PlyCount "66"]
[EventDate "2017.??.??"]
[EventCountry "GEO"]
[SourceTitle "playchess.com"]
[Source "ChessBase"]
[SourceQuality "1"]

{[%evp 24,66,42,17,42,0,0,0,0,13,6,0,0,0,0,-24,50,89,215,222,220,-27,45,0,60,60,50,45,72,0,73,71,58,4,2,2,2,2,4,3,3,4,6,6,4]} 1. Nf3 c5 2. c4 Nf6 3. g3 b6 4. Bg2 Bb7 5. O-O g6 6. Nc3 Bg7 7. d4 cxd4 8. Qxd4 d6 9. Rd1 Nbd7 10. Be3 O-O 11. Qh4 Rc8 12. Rac1 a6 {A30: Englische Eröffnung (Symmetrische Variante)} 13. b3 {LiveBook: 313 Partien} Ba8 (13... Re8 14. Bh3 Rc7 15. g4 Qa8 16. Bd4 h6 17. g5 hxg5 18. Nxg5 e6 {½-½ (50) Caruana,F (2808)-So,W (2779) Saint Louis 2015}) 14. g4 $146 ({Vorgänger:} 14. Bh3 Rc7 15. Nd4 Rc5 16. g4 Ne4 17. Nxe4 Bxe4 18. Nf3 {0-1 (47) Lopez Hernandez,C (2306)-Barrientos Chavarriaga,S (2462) Dosquebrad 2013}) 14... b5 15. cxb5 Qa5 16. g5 Rxc3 17. Rxc3 Qxc3 18. gxf6 Bxf6 19. Qc4 {[#] Und Dxc3 würde nun gewinnen.} (19. Ng5 {feels hotter.} Bxg5 20. Bxg5 Bxg2 21. Kxg2 Re8 22. Rc1) 19... Qxc4 (19... axb5 $11 20. Qxb5 Nc5) 20. bxc4 $14 Nc5 (20... Bb7 $16) 21. Bxc5 $1 $18 dxc5 {[%cal Bd6c5,Bc5c4,Bc4c3,Bc3d2][%mdl 32]} 22. Bh3 $2 ({Lieber} 22. bxa6 $18 {Und weiter mit a7 wäre nett.} Bc6 23. Rb1) 22... Re8 (22... Bxf3 $11 23. exf3 axb5 24. cxb5 c4) 23. Bg2 ({Doch nicht} 23. bxa6 Bxf3 24. exf3 Ra8 $15) 23... axb5 ({Günstiger ist} 23... Rf8 $11) 24. cxb5 $14 c4 25. a4 e5 {[%cal Be7e5,Be5e4][%mdl 32]} 26. a5 (26. Nd2 $16) 26... Rb8 {[#]} (26... e4 $11 27. Nd4 Rb8) 27. b6 $1 $16 {Sd2 ist eine echte Drohung.} e4 28. Nd2 (28. Nd4 $14) 28... Rd8 $132 {[%mdl 2048] zielt auf ...Lb7 ab.Die Stellung ist ausgeglichen. Schwarz is fighting back} 29. a6 c3 {Droht ...Lc6 und aus.} 30. b7 Bxb7 $1 31. axb7 Be5 32. Bxe4 {Schwarz muss nun Ld3 beachten.} Rxd2 33. Rxd2 cxd2 {Precision: Weiß = 32%, Schwarz = 41%.} 1/2-1/2

[Event "GEO chT Clubs 2017"]
[Site "Tbilisi"]
[Date "2017.11.30"]
[Round "2"]
[White "Azaladze, Shota"]
[Black "Shanava, Konstantine"]
[Result "1/2-1/2"]
[WhiteElo "2464"]
[BlackElo "2512"]
[Annotator "TA"]
[PlyCount "117"]
[EventDate "2017.??.??"]
[EventCountry "GEO"]
[SourceTitle "playchess.com"]
[Source "ChessBase"]
[SourceQuality "1"]

{[%evp 17,117,13,24,0,14,0,21,-7,16,0,0,0,52,52,67,51,153,0,9,-14,-5,-5,-25,0,-3,-17,-30,-43,0,-11,0,0,0,-62,-74,-62,70,76,69,64,117,131,131,31,46,19,38,37,79,62,82,100,89,8,8,8,11,10,38,33,29,0,98,93,65,78,63,44,54,7,10,0,8,8,7,0,0,0,0,0,0,0,0,0,0,0,0,0,0,0,0,0,0,0,0,0,0,0,0,0,0,0]} 1. Nf3 Nf6 2. g3 b6 3. Bg2 Bb7 4. O-O g6 5. d4 Bg7 6. c4 O-O 7. Nc3 Ne4 8. Bd2 {A50: Damenindisch (ohne e7-e6)} Nxd2 9. Qxd2 e6 {LiveBook: 6 Partien} 10. h4 $146 {Weiß hat minimalen Vorteil.} ({Vorgänger:} 10. e4 d6 11. Rad1 Nd7 12. d5 Re8 13. Nd4 a5 14. f4 Nc5 15. f5 exf5 16. exf5 {1-0 (37) Malakhov,V (2693)-Pikula,D (2434) Sibenik 2016}) 10... d6 11. h5 Nd7 12. Rad1 a6 13. hxg6 hxg6 14. Ng5 c6 ({Lieber} 14... Bxg2 $11 15. Kxg2 Bxd4) 15. Qf4 $14 Qe7 {und nun wäre ...Lh6 stark für Schwarz.} 16. Qh4 {[%csl Gg5][%cal Rh4h7]} Rfd8 (16... Rfb8 $1 $14) 17. Bf3 ({Der einzige Zug:} 17. d5 $1 $16 {[%cal Rd5c6]} exd5 18. cxd5) 17... Nf8 $11 18. Kg2 f6 19. Nge4 $132 {[%cal Bg5e4,Be4d2,Bd2f3,Bf3d4][%mdl 2080] Weiss puts up resistance} g5 20. Qh5 d5 21. cxd5 cxd5 22. Nd2 f5 23. e3 $1 e5 24. dxe5 g4 25. Qxf5 ({Besser ist} 25. Be2 $1 $11) 25... gxf3+ $15 26. Nxf3 Ne6 (26... Qf7 $15 27. Qg4 Re8) 27. Nd4 $1 $14 ({Doch nicht} 27. Rh1 Qf7 $15) 27... Nxd4 28. exd4 Bc8 ({Günstiger ist} 28... Rf8 $1 $14 29. Qg6 Qf7 30. Qxf7+ Kxf7) 29. Qh5 $16 Qf7 30. Qxf7+ (30. Qg5 $1 $16 {[%cal Rg5d8]} Bd7 31. g4) 30... Kxf7 $14 31. Rh1 b5 32. f3 {[%mdl 1024] Weiss hat Kompensation.} Be6 {[#]} 33. g4 $1 Rh8 34. Kg3 Bh6 {[#]} 35. Rh5 (35. Ne2 $1 $16) 35... Be3 $11 36. Rxh8 $1 Rxh8 37. Ne2 Rc8 $1 {[%cal Rc8c2]} 38. Rd3 $1 {[%cal Rd3e3]} Bh6 39. Nf4 Rc2 (39... Bxf4+ $11 {hält das Gleichgewicht.} 40. Kxf4 b4) 40. Nxe6 $16 Kxe6 {[%mdl 4096] Endspiel KTL-KT} 41. Ra3 Bc1 {Droht stark ...Tc6.} 42. Rxa6+ Ke7 43. Ra7+ Ke8 {Die Stellung ist ausgeglichen.} 44. f4 {[%cal Bf3f4,Bf4f5][%mdl 32]} Rc4 45. f5 {Und f6 würde nun gewinnen.} Rxd4 46. e6 {Schwarz muss nun f6 beachten.} Bg5 47. Rg7 Rd3+ 48. Kf2 Bf6 49. Rf7 Bd4+ 50. Kg2 Be5 51. Kf2 Rg3 52. Rd7 Rxg4 {...d4 ist eine echte Drohung.} 53. Rxd5 Bxb2 54. Rxb5 Ba1 55. Kf3 Ra4 56. Rb7 Be5 57. Rf7 Rxa2 58. Ke4 Ba1 59. Kd5 {Precision: Weiß = 57%, Schwarz = 47%.} 1/2-1/2

[Event "GEO chT Clubs 2017"]
[Site "Tbilisi"]
[Date "2017.11.30"]
[Round "2"]
[White "Khotenashvili, Bela"]
[Black "Khomeriki, Nino"]
[Result "1-0"]
[WhiteElo "2455"]
[BlackElo "2347"]
[Annotator "TA"]
[PlyCount "73"]
[EventDate "2017.??.??"]
[EventCountry "GEO"]
[SourceTitle "playchess.com"]
[Source "ChessBase"]
[SourceQuality "1"]

{[%evp 20,73,34,0,26,0,41,31,37,31,40,37,41,33,20,23,40,22,20,35,34,24,27,37,31,34,46,26,91,74,71,85,385,364,437,443,382,133,132,135,94,89,395,413,514,190,871,277,291,247,1245,993,29990,29991,29997,29998]} 1. Nf3 d5 2. g3 Bg4 3. Bg2 c6 4. O-O Nd7 5. h3 Bh5 6. d3 Ngf6 7. Qe1 {A07: Barcza-System (Königsfianchetto mit möglichen Übergängen in andere Systeme)} e5 8. e4 dxe4 9. dxe4 a5 (9... Be7 10. Nh4 O-O 11. Nd2 Qc7 12. f4 exf4 13. gxf4 Rfe8 14. Kh1 Bb4 {1-0 (35) Giri,A (2785)-So,W (2815) chess.com INT 2017}) 10. a4 Bc5 11. Na3 {LiveBook: 13 Partien} O-O (11... Bxf3 $5 12. Bxf3 Qe7 $11) 12. Bd2 $146 ({Vorgänger:} 12. Nh4 Re8 13. Nc4 Nf8 {½-½ (83) Gukesh,D (2323)-Kumar,G (2274) Puchong 2017}) 12... Re8 13. Nc4 {[%cal Rc4a5]} b6 14. Nh4 Nf8 15. Nf5 Qc7 16. Be3 N6d7 17. Bxc5 Nxc5 18. Qe3 Nfe6 19. f4 f6 20. fxe5 fxe5 21. Rf2 Rad8 22. b3 Rd7 23. Kh2 Red8 (23... Bf7 $11 {bleibt in der Remisbreite.}) 24. Qc3 $16 Nd4 {[#]} 25. Nxa5 $1 {[%mdl 512]} g6 $2 {[%mdl 8192] [#]} (25... Nxe4 $16 26. Bxe4 bxa5) (25... bxa5 26. Qxc5) 26. Nxd4 $1 $18 exd4 27. Qc4+ Kg7 {[#]} 28. Raf1 $2 (28. e5 $1 $18 {[%mdl 512] und der Rest ist Schweigen.}) 28... Re8 $16 29. e5 $1 Rxe5 30. Nxc6 Rg5 $2 {[%mdl 8192]} (30... Re3 $16 {ist zäher.}) 31. Rf4 $18 d3 32. cxd3 $2 (32. h4 Rf5 33. cxd3) 32... Be2 $2 (32... Nxd3 33. b4 Nxf4 34. Qc3+ (34. Rxf4 h6 $14) (34. gxf4 Rf5 $17) 34... Kg8 35. Rxf4 Rf5) 33. R1f2 $2 (33. Qc3+ Kh6 34. Rh4+ Bh5 35. d4) 33... Nxd3 34. Rxe2 $40 {[%mdl 128] Weiss will per K.O. gewinnen.} Rxg3 $2 (34... Nxf4 35. Qxf4 (35. gxf4 Rc5 $16) 35... Qxf4 36. gxf4 Rf5) 35. Kxg3 g5 36. Qc3+ Kg6 37. Qf6+ {Precision: Weiß = 46%, Schwarz = 44%.} 1-0

[Event "GEO chT Clubs 2017"]
[Site "Tbilisi"]
[Date "2017.11.29"]
[Round "2"]
[White "Beradze, Irakli"]
[Black "Ghvamberia, Nika"]
[Result "1/2-1/2"]
[WhiteElo "2452"]
[BlackElo "2232"]
[Annotator "TA"]
[PlyCount "101"]
[EventDate "2017.??.??"]
[EventCountry "GEO"]
[SourceTitle "playchess.com"]
[Source "ChessBase"]
[SourceQuality "1"]

{[%evp 17,101,0,0,0,0,0,0,0,0,0,1,0,0,0,0,0,12,12,12,7,6,7,19,0,34,15,25,24,42,17,25,29,52,45,53,54,62,34,74,75,102,102,102,102,105,102,102,102,102,102,102,0,101,65,128,40,40,40,40,40,40,40,40,40,40,39,39,39,40,41,54,38,38,38,38,38,40,38,62,0,49,0,38,38,70,52]} 1. Nf3 Nf6 2. d4 e6 3. Bf4 b6 4. e3 Bb7 5. Be2 Be7 6. h3 O-O 7. O-O d5 8. Nbd2 c5 9. c3 Nc6 {LiveBook: 21 Games} 10. a3 {D02: 1 d4 d5 2 Nf3 sidelines, including 2...Nf6 3 g3 and 2...Nf6 3 Bf4} (10. a4 Bd6 11. Bxd6 Qxd6 12. Qb3 Rab8 13. Rfd1 Rfd8 14. Bb5 Ne7 15. Ne5 a6 16. Be2 Nd7 17. Nxd7 Rxd7 {½-½ (63) Seliverstov,V (2464)-Korotylev,A (2573) Moscow 2017}) 10... Bd6 11. Bxd6 $146 ({Predecessor:} 11. b4 Bxf4 12. exf4 Ne4 13. Qc1 cxd4 14. cxd4 Qf6 15. Nb3 Rfc8 16. Qe3 Ne7 17. Rfc1 Nf5 {0-1 (81) Huemmer,B (2265)-Mueller,K (2425) Germany 1991}) 11... Qxd6 12. b4 {The position is equal.} cxd4 13. cxd4 a5 14. b5 Ne7 15. Qb3 Rac8 16. Rfc1 Rxc1+ (16... Rc7 {with more complications.} 17. Qb2 Rfc8 18. Bd3 Ne4 19. Nb3 Nf5) 17. Rxc1 Rc8 18. Rxc8+ Nxc8 19. Qc3 Ne7 20. Ne5 Nd7 21. Nd3 Qb8 22. a4 Nf5 23. Ne5 Nxe5 24. dxe5 Qc8 25. Qxc8+ Bxc8 $14 {[%mdl 4096] Endgame KBN-KBN} 26. Bd3 Ne7 27. f4 h6 28. Nf3 f5 29. Nd4 Bd7 30. Kf2 Kf7 31. g4 g6 32. Kg3 Kg7 33. Be2 Kf7 34. Bd3 Kg7 $1 35. h4 h5 {[#]} ({Black should try} 35... fxg4 $14 36. Kxg4 Nf5) 36. gxh5 ({White should play} 36. g5 $1 $16) 36... gxh5 37. Be2 Kg6 38. Bd1 Kh6 $1 39. Kf2 Kg6 40. Ne2 {And now Ng3 would win.} Kh6 41. Ng3 Be8 42. Bf3 Bf7 43. Be2 Be8 44. Bd1 Bf7 45. Ne2 Be8 46. Nd4 Bd7 47. Bf3 Kg6 48. Bd1 Kh6 49. Ne2 Be8 $1 50. Kg2 Bd7 51. Nd4 {Precision: White = 57%, Black = 60%.} 1/2-1/2

[Event "GEO chT Clubs 2017"]
[Site "Tbilisi"]
[Date "2017.11.29"]
[Round "2"]
[White "Sibashvili, Giorgi"]
[Black "Pantsulaia, Levan"]
[Result "0-1"]
[WhiteElo "2412"]
[BlackElo "2591"]
[Annotator "TA"]
[PlyCount "114"]
[EventDate "2017.??.??"]
[EventCountry "GEO"]
[SourceTitle "playchess.com"]
[Source "ChessBase"]
[SourceQuality "1"]

{[%evp 14,114,61,53,47,32,61,13,16,21,7,0,0,0,10,0,101,101,104,95,120,117,114,108,125,125,220,183,179,35,18,29,123,0,0,0,0,0,0,0,0,0,0,0,0,-23,-30,-175,-170,-212,-215,-200,-208,-194,-185,-213,-195,-208,-192,-309,-355,-352,-339,-327,-325,-331,-339,-272,-247,-257,-255,-304,-305,-1550,-1485,-1485,-1293,-1699,-1689,-29964,-29966,-29964,-29964,-29967,-29966,-29967,-29968,-29970,-29971,-29971,-29972,-29975,-29977,-29976,-29978,-29978,-29979,-29979,-29980,-29980,-29981,-29981,-29981]} 1. d4 d6 2. Nf3 Nf6 3. c4 c5 4. d5 Bf5 (4... b5 5. cxb5 a6 6. b6 Nbd7 7. Nc3 g6 8. e4 Bg7 9. Bd3 O-O 10. O-O Nxb6 11. h3 Ne8 12. Re1 Nc7 13. Bg5 f6 14. Bf4 Bd7 15. Qd2 a5 16. Rad1 a4 {0-1 (49) Kamsky,G (2721)-Ponomariov,R (2731) Beijing 2013}) 5. Nc3 h6 6. Nd2 {A56: Altindisch (siehe auch A43, 44)} g5 7. e4 Bg6 8. Be2 {LiveBook: 3 Partien. Weiß steht etwas besser.} Nbd7 9. h4 {Und weiter mit hxg5 wäre nett.} Bg7 $146 10. hxg5 hxg5 11. Rxh8+ Bxh8 12. Nf3 g4 13. Ng5 Qa5 14. Bd2 $36 {[%mdl 2048] Weiss hat Initiative.} Ne5 (14... O-O-O $11) 15. f4 $16 gxf3 16. gxf3 Nh7 17. Nxh7 Bxh7 18. Kf2 O-O-O 19. Nb5 Qa6 (19... Qb6 $16 {war nötig.}) 20. Qh1 $18 Bg6 21. f4 (21. Bg5 $18 f6 22. Qh3+ Kb8 23. Bd2) 21... Nd7 $14 22. f5 Bxb2 (22... Bxf5 $1 $11 23. exf5 Bxb2) 23. Rb1 (23. fxg6 $16 fxg6 24. Rb1) 23... Rh8 $11 24. Qd1 Qxa2 {zielt auf ...Th2+ ab.} 25. fxg6 {Droht Dc2 und aus.} Rh2+ 26. Kg1 ({Nicht} 26. Ke3 $2 fxg6 27. Kf3 Bg7 $19) 26... Rxe2 $1 27. Rxb2 $1 Qxb2 28. Qxe2 a6 29. Nc3 fxg6 30. Kf2 (30. Nd1 $11 Qd4+ 31. Nf2) 30... Ne5 $19 31. Be1 Nxc4 32. Qxb2 Nxb2 33. Ke2 Nc4 34. Bg3 Kd7 35. Kd3 b5 36. Ne2 (36. Bf4 {war einen Versuch wert.}) 36... g5 37. Nc3 Ne5+ 38. Kc2 Ke8 39. Nd1 Nc4 40. Nb2 {beabsichtigt Sxc4.} Ne3+ 41. Kd3 Ng4 42. Nd1 Kf7 43. Ne3 $2 (43. Kc2) 43... Nxe3 44. Kxe3 {[%mdl 4096] Endspiel KL-KB} a5 {[%cal Ba6a5,Ba5a4,Ba4a3][%mdl 32]} 45. e5 dxe5 46. Bxe5 a4 {Schwarz setzt Matt.} 47. Kd3 a3 48. Kc3 g4 49. Kb3 b4 {[%cal Bb5b4,Bb4b3][%mdl 32]} 50. Bc7 {[#]} c4+ $1 {[%mdl 512]} 51. Ka2 (51. Kxc4 a2) 51... Kg6 52. d6 exd6 53. Bxd6 {[#]} b3+ $1 54. Kxa3 Kf5 55. Kb2 {[#]} Ke4 $1 {[%cal Re4f3]} 56. Kc3 Kf3 57. Be5 g3 {Precision: Weiß = 37%, Schwarz = 85%.} 0-1

[Event "GEO chT Clubs 2017"]
[Site "Tbilisi"]
[Date "2017.11.30"]
[Round "2"]
[White "Kekelidze, Mikheil"]
[Black "Siprashvili, Ivane"]
[Result "*"]
[WhiteElo "2367"]
[BlackElo "1962"]
[Annotator "TA"]
[PlyCount "28"]
[EventDate "2017.??.??"]
[EventCountry "GEO"]
[SourceTitle "playchess.com"]
[Source "ChessBase"]
[SourceQuality "1"]

{[%evp 14,16,10,0,9]} 1. e4 e5 2. Nf3 Nc6 3. Bb5 a6 4. Ba4 Nf6 5. Bxc6 dxc6 6. d3 Bc5 7. Qe2 {C77: Ruy Lopez: 3...a6 4 Ba4 Nf6, unusual lines} (7. h3 Nd7 8. Nc3 O-O 9. Be3 Bb4 10. O-O Re8 11. Nd2 Nf8 12. a3 Bd6 13. Nc4 Ng6 14. Nxd6 cxd6 {½-½ (36) Grischuk,A (2737)-Aronian,L (2785) Doha 2016}) 7... Qe7 8. Nbd2 {LiveBook: 4 Games} Nd7 {Predecessor:} 9. Nc4 $146 f6 10. Nh4 Nf8 11. Be3 Be6 12. O-O O-O-O 13. Bxc5 Qxc5 14. Ne3 Ng6 {½-½ (51) Glud,J (2526)-Wastney,S (2312) Baku 2016} *

[Event "GEO chT Clubs 2017"]
[Site "Tbilisi"]
[Date "2017.11.30"]
[Round "2"]
[White "Kekelidze, Mikheil"]
[Black "Siprashvili, Ivane"]
[Result "1-0"]
[WhiteElo "2367"]
[BlackElo "1962"]
[Annotator "TA"]
[PlyCount "18"]
[EventDate "2017.??.??"]
[EventCountry "GEO"]
[SourceTitle "playchess.com"]
[Source "ChessBase"]
[SourceQuality "1"]

{[%evp 14,18,15,1,8,-8,8]} 1. e4 e5 2. Nf3 Nc6 3. Bb5 a6 4. Ba4 Nf6 5. Bxc6 dxc6 6. d3 Bc5 7. Qe2 {C77: Spanische Partie (Anderssen-Variante)} (7. h3 Nd7 8. Nc3 O-O 9. Be3 Bb4 10. O-O Re8 11. Nd2 Nf8 12. a3 Bd6 13. Nc4 Ng6 14. Nxd6 cxd6 {½-½ (36) Grischuk,A (2737)-Aronian,L (2785) Doha 2016}) 7... Qe7 8. Nbd2 {LiveBook: 4 Partien} Nd7 9. g3 $146 ({Vorgänger:} 9. Nc4 f6 10. Nh4 Nf8 11. Be3 Be6 12. O-O O-O-O 13. Bxc5 Qxc5 14. Ne3 Ng6 {½-½ (51) Glud,J (2526)-Wastney,S (2312) Baku 2016}) 9... Nf6 {[%mdl 32768] Loss on Time!?} 1-0

[Event "GEO chT Clubs 2017"]
[Site "Tbilisi"]
[Date "2017.11.29"]
[Round "2"]
[White "Tutisani, Noe"]
[Black "Tsomaia, Nikoloz"]
[Result "1/2-1/2"]
[WhiteElo "2361"]
[BlackElo "2206"]
[Annotator "NA RC"]
[PlyCount "82"]
[EventDate "2017.??.??"]
[EventCountry "GEO"]
[SourceTitle "playchess.com"]
[Source "ChessBase"]
[SourceQuality "1"]

1. d4 Nf6 2. c4 c5 3. d5 g6 4. Nc3 Bg7 5. e4 d6 6. Nf3 O-O 7. Be2 e6 8. O-O Re8 9. Nd2 Na6 10. Re1 Nc7 11. Bf1 {E91: King's Indian: Classical: 6 Be2, unusual replies including 6...c5 and 6...Bg4} (11. Rb1 exd5 12. cxd5 a6 13. a4 b5 14. axb5 axb5 15. b4 Ng4 16. Bxg4 Bxg4 17. Qxg4 Bxc3 18. bxc5 dxc5 {1-0 (34) Nakamura,H (2767)-Morozevich,A (2758) Zug 2013}) 11... Rb8 12. a4 b6 13. h3 a6 14. Nb3 $146 ({Predecessor:} 14. Nf3 exd5 15. cxd5 b5 16. e5 dxe5 17. d6 Ne6 18. axb5 Nd4 19. bxa6 Qxd6 {1-0 (59) Kazakov,M (2488)-Indjic,D (2281) Novi Sad 2015}) 14... e5 15. Be3 Nd7 16. Qc2 Qe7 17. Nd2 Qf8 18. a5 Bh6 (18... b5 $11 {remains equal.}) 19. axb6 Rxb6 20. Bd3 Bf4 21. Nf1 Qh6 22. Ne2 Qg5 23. Qd2 Bxe3 24. Nxe3 Nf6 25. Kh2 Bd7 26. Rf1 Reb8 27. Rab1 Nce8 28. Qc1 Ng7 29. Bc2 Nfh5 30. g3 Qh6 31. Nd1 {[#]} Qxc1 (31... Nf4 $1 $17 {[%mdl 512]} 32. h4 (32. Nxf4 exf4) 32... g5) 32. Rxc1 Rb4 33. Bd3 f5 34. f3 Ba4 35. Nec3 Bb3 36. Ra1 R8b6 37. Na2 Ra4 38. Ndc3 Ra5 39. Rfb1 Bxa2 40. Rxa2 Rxa2 41. Nxa2 Rb3 1/2-1/2

[Event "GEO chT Clubs 2017"]
[Site "Tbilisi"]
[Date "2017.11.30"]
[Round "2"]
[White "Charkhalashvili, Inga"]
[Black "Pipia, Ekaterine"]
[Result "1-0"]
[WhiteElo "2355"]
[BlackElo "1791"]
[Annotator "TA"]
[PlyCount "71"]
[EventDate "2017.??.??"]
[EventCountry "GEO"]
[SourceTitle "playchess.com"]
[Source "ChessBase"]
[SourceQuality "1"]

{[%evp 11,71,43,41,21,38,8,8,-5,0,-18,16,18,89,81,92,89,93,91,93,101,94,91,101,104,114,106,124,118,131,134,159,146,170,166,237,229,297,270,353,341,547,475,568,356,572,539,633,624,758,747,989,984,989,974,1442,1391,2197,2192,2211,2160,29994,29995]} 1. d4 d5 2. c4 e6 3. Nc3 Be7 4. Bf4 Nf6 5. e3 c5 (5... O-O 6. Rc1 c5 7. dxc5 Bxc5 8. Nf3 Nc6 9. a3 dxc4 10. Qxd8 Rxd8 11. Bxc4 b6 12. Ke2 Bb7 13. Rhd1 Nh5 14. Bg5 Be7 15. Bxe7 Nxe7 16. Nb5 a6 17. Nc7 {½-½ (65) Karjakin,S (2783)-Meier,G (2630) chess.com INT 2017}) 6. dxc5 {D35: Queen's Gambit Declined: Exchange Variation} Bxc5 {LiveBook: 4 Games} 7. cxd5 $146 ({Predecessor:} 7. Nf3 Nc6 8. a3 O-O 9. Qc2 Qa5 10. Rd1 Be7 11. Be2 dxc4 12. Bxc4 Nh5 13. O-O Nxf4 14. exf4 g6 15. g3 a6 16. Rfe1 Rd8 17. Rxd8+ Qxd8 18. h4 b5 {1-0 (33) Atalik,S (2619)-Jojua,D (2505) Vrachati 2011}) 7... Nxd5 8. Bxb8 {White is slightly better.} Rxb8 9. Nxd5 exd5 10. Bb5+ Bd7 (10... Ke7 $5 {[%cal Rd8a5]} 11. Bd3 Qb6 $15) 11. Qa4 d4 (11... Rc8 $11 {keeps the balance.}) 12. exd4 Bb6 13. Nf3 {Threatens to win with Ne5.} Bxb5 14. Qxb5+ Qd7 15. Qxd7+ Kxd7 16. Kd2 Rhe8 17. Kd3 f6 18. Rhe1 Kd6 19. Re3 Rxe3+ 20. fxe3 $16 {[%mdl 4096] Endgame KRB-KRN} ({Resist} 20. Kxe3 $6 Kd5 $14) 20... Re8 21. Rc1 Kd5 22. a4 a5 (22... Ke6 $142 23. g3 Kd7) 23. Nd2 f5 24. Nc4 Bc7 {[#]} 25. Nxa5 $1 {[%mdl 512]} Bxh2 $2 (25... Bb6 26. Nb3 Kd6) (25... Bxa5 26. Rc5+) 26. Nxb7 Rb8 27. Rc5+ Ke6 28. Rb5 Ra8 29. a5 {[%cal Ba4a5,Ba5a6][%mdl 32]} g6 30. b4 {[%cal Bb2b4,Bb4b5,Bb5b6][%mdl 32]} Kd7 31. Nc5+ Kc8 32. Rb6 Ra7 33. Re6 f4 34. a6 fxe3 35. b5 {[#] b6 would kill now.} Rf7 36. b6 {Precision: White = 74%, Black = 22%.} 1-0